Statistiche per Riconosci l'Anno dagli eventi - Quiz n°2

Clicka qui per fare il quiz!

Statistiche generali

  • Questo quiz è stato fatto 46 volte
  • Il punteggio medio è 6 su 8

Statistiche sulle risposte

IndizioRisposta% Corretto
AIllo si ribella contro l'imperatore romano Zenone.
100%
B19 luglio - L'imperatrice vedova Verina, per volere di Illo, incorona Leonzio imperatore a Tarso, in opposizione a Zenone.
98%
C27 luglio - Leonzio fa il suo ingresso ad Antiochia.
89%
D8 agosto - Le forze di Leonzio ed Illo vengono sconfitte davanti ad Antiochia dalle truppe di Zenone e forzate ad abbandonare la città.
85%
GAcacio, patriarca di Costantinopoli che sollecitò Zenone alla pubblicazione dell'editto conosciuto come l'Henotikon, è scomunicato.
85%
EIllo, Leonzio e i loro sostenitori sono obbligati a rinchiudersi dentro la fortezza di Papurius per quattro anni. Il poeta e filosofo pagano Pamprepio viene scoperto a tramare per salvarsi dall'assedio e viene ucciso da Illo.
78%
FRivolta dei Samaritani, che attaccano Sichem e, sotto la guida del loro "re" Justa, conquistano Cesarea marittima; sono però sconfitti dalle truppe del dux Palestinae Asclepiade, rafforzate dagli Arcadiani di Rege. Justa è ucciso.
78%
Anno484
11%

Distribuzione punteggi

Percentile per numero di risposta

Percentuale di utenti per punteggio

I tuoi punteggi nel tempo

Non hai fatto questo quiz